|
|
|
|
| LEADER |
01568nam a2200409 a 4500 |
| 001 |
EBC468299 |
| 003 |
MiAaPQ |
| 005 |
20200520144314.0 |
| 006 |
m o d | |
| 007 |
cr cn||||||||| |
| 008 |
070705s2007 ne a sb 001 0 eng |
| 010 |
|
|
|z 2007027881
|
| 020 |
|
|
|z 9781571051868
|
| 020 |
|
|
|z 1571051864
|
| 035 |
|
|
|a (MiAaPQ)EBC468299
|
| 035 |
|
|
|a (Au-PeEL)EBL468299
|
| 035 |
|
|
|a (CaPaEBR)ebr10355218
|
| 035 |
|
|
|a (CaONFJC)MIL239615
|
| 035 |
|
|
|a (OCoLC)567802506
|
| 040 |
|
|
|a MiAaPQ
|c MiAaPQ
|d MiAaPQ
|
| 050 |
|
4 |
|a K3620
|b .N54 2007
|
| 082 |
0 |
4 |
|a 344.04/9
|2 22
|
| 100 |
1 |
|
|a Nielsen, Laura,
|c LLM, PhD.
|
| 245 |
1 |
4 |
|a The WTO, animals and PPMs
|h [electronic resource] /
|c Laura Nielsen.
|
| 260 |
|
|
|a Leiden ;
|a Boston :
|b Martinus Nijhoff Publishers,
|c c2007.
|
| 300 |
|
|
|a xxii, 355 p. :
|b ill.
|
| 490 |
1 |
|
|a Series on international law and development
|
| 500 |
|
|
|a Revised version of the author's thesis (Ph. D.) -- University of Copenhagen, 2005.
|
| 504 |
|
|
|a Includes bibliographical references (p. 329-349) and index.
|
| 533 |
|
|
|a Electronic reproduction. Ann Arbor, MI : ProQuest, 2015. Available via World Wide Web. Access may be limited to ProQuest affiliated libraries.
|
| 610 |
2 |
0 |
|a World Trade Organization.
|
| 650 |
|
0 |
|a Animal welfare
|x Law and legislation.
|
| 650 |
|
0 |
|a Foreign trade regulation.
|
| 655 |
|
4 |
|a Electronic books.
|
| 710 |
2 |
|
|a ProQuest (Firm)
|
| 830 |
|
0 |
|a Series on international law and development.
|
| 856 |
4 |
0 |
|u https://ebookcentral.proquest.com/lib/matrademy/detail.action?docID=468299
|z Click to View
|